00217nam a2200085Ia 4500008004100000100001600041245002800057260003800085300000800123190216s9999||||xx |||||||||||||| ||und|| aSubburaj Vk 0aBank Clerks Examination bSura College Of Competitionc1991 a96p